|
|
|
|
| LEADER |
03088nam a2200757 i 4500 |
| 001 |
nkc20152755065 |
| 003 |
CZ PrNK |
| 005 |
20171220163228.0 |
| 007 |
ta |
| 008 |
151126s2015 xr ab f 000 0 cze |
| 015 |
|
|
|a cnb002755065
|
| 020 |
|
|
|a 978-80-905739-1-8
|q (Bílinská přírodovědná společnost ;
|q brožováno)
|
| 035 |
|
|
|a (OCoLC)939571900
|
| 040 |
|
|
|a BOA001
|b cze
|d ABA001
|e rda
|
| 041 |
0 |
|
|a cze
|b eng
|b ger
|
| 043 |
|
|
|a e-xr---
|b e-xr-us
|2 czenas
|
| 072 |
|
7 |
|a 56
|x Paleontologie
|2 Konspekt
|9 7
|
| 080 |
|
|
|a 550.8
|2 MRF
|
| 080 |
|
|
|a 56:001.891
|2 MRF
|
| 080 |
|
|
|a 561
|2 MRF
|
| 080 |
|
|
|a 562/564
|2 MRF
|
| 080 |
|
|
|a 56:579
|2 MRF
|
| 080 |
|
|
|a 551.781.4
|2 MRF
|
| 080 |
|
|
|a 55
|2 MRF
|
| 080 |
|
|
|a (437.315)
|2 MRF
|
| 080 |
|
|
|a (048.8)
|2 MRF
|
| 100 |
1 |
|
|a Dvořák, Zdeněk,
|d 1959-
|7 jx20040406005
|4 aut
|
| 245 |
1 |
0 |
|a Jezero mezi sopkami :
|b Kučlín u Bíliny /
|c Zdeněk Dvořák, Karel Mach, Pavel Dvořák
|
| 246 |
3 |
0 |
|a Kučlín u Bíliny
|
| 264 |
|
1 |
|a [Bílina] :
|b Bílinská přírodovědná společnost z.s.,
|c 2015
|
| 300 |
|
|
|a 120 stran :
|b ilustrace (převážně barevné), mapy ;
|c 22 cm +
|e errata
|
| 336 |
|
|
|a text
|b txt
|2 rdacontent
|
| 337 |
|
|
|a bez média
|b n
|2 rdamedia
|
| 338 |
|
|
|a svazek
|b nc
|2 rdacarrier
|
| 490 |
1 |
|
|a Edice Bílinské přírodovědné společnosti
|
| 500 |
|
|
|a 750 výtisků
|
| 504 |
|
|
|a Obsahuje bibliografii
|
| 546 |
|
|
|a Anglické a německé resumé
|
| 650 |
0 |
7 |
|a geologický výzkum
|7 ph117197
|z Česko
|2 czenas
|
| 650 |
0 |
7 |
|a paleontologický výzkum
|7 ph162636
|z Česko
|2 czenas
|
| 650 |
0 |
7 |
|a fosilní rostliny
|7 ph120311
|z Česko
|2 czenas
|
| 650 |
0 |
7 |
|a fosilní živočichové
|7 ph114575
|z Česko
|2 czenas
|
| 650 |
0 |
7 |
|a fosilní mikroorganismy
|7 ph256068
|z Česko
|2 czenas
|
| 650 |
0 |
7 |
|a eocén
|7 ph117619
|z Česko
|2 czenas
|
| 650 |
0 |
9 |
|a geological research
|z Czechia
|2 eczenas
|
| 650 |
0 |
9 |
|a paleontological research
|z Czechia
|2 eczenas
|
| 650 |
0 |
9 |
|a fossil plants
|z Czechia
|2 eczenas
|
| 650 |
0 |
9 |
|a fossil animals
|z Czechia
|2 eczenas
|
| 650 |
0 |
9 |
|a fossil microorganisms
|z Czechia
|2 eczenas
|
| 650 |
0 |
9 |
|a eocene
|z Czechia
|2 eczenas
|
| 651 |
|
7 |
|a Přírodní rezervace Trupelník (Česko)
|7 ge770792
|x geologické poměry
|2 czenas
|
| 651 |
|
7 |
|a Bílina (Česko : oblast)
|7 ge128889
|x geologické poměry
|2 czenas
|
| 651 |
|
7 |
|a Kučlín (Hrobčice, Česko : oblast)
|7 ge900335
|x geologické poměry
|2 czenas
|
| 651 |
|
9 |
|a Nature reserve Trupelník (Czechia)
|x geological conditions
|2 eczenas
|
| 651 |
|
9 |
|a Bílina Region (Czechia)
|x geological conditions
|2 eczenas
|
| 651 |
|
9 |
|a Kučlín Region (Hrobčice, Czechia)
|x geological conditions
|2 eczenas
|
| 655 |
|
7 |
|a kolektivní monografie
|7 fd501537
|2 czenas
|
| 655 |
|
9 |
|a collective monographs
|2 eczenas
|
| 700 |
1 |
|
|a Mach, Karel,
|d 1964-
|7 xx0080911
|4 aut
|
| 700 |
1 |
|
|a Dvořák, Pavel,
|d 1960-
|7 xx0219618
|4 aut
|
| 830 |
|
0 |
|a Edice Bílinské přírodovědné společnosti
|0 s
|
| 910 |
2 |
|
|a BOA001
|b 2-1359.239
|
| 990 |
|
|
|a BK
|
| 995 |
|
|
|a 01
|
| 991 |
|
|
|b 201601
|c NOV
|
| 996 |
6 |
|
|b 2610655640
|c 2-1359.239
|l MZK
|r Sklad / do 1 hodiny
|n 0
|p p.v.
|w 001538805
|u 000010
|a 1
|e BOA001
|j MZK50
|s P
|